000
00214 a2200097 4500
001
10517
100
_a
Moris, I H
245
_a
Practical plane and solid geometry.
260
_a
_b
Longmans
_c
090
_c
8132
_d
8132
942
_a
NUST-CAE
_c
M
_c
34859
999
_c
245590
_d
245590